Ultimate Prison Break Quiz - Statistics

General Stats
  • This quiz has been taken 994 times
  • The average score is 6 of 51
Answer Stats
Hint Answer % Correct
The three roads that lead away from the prison English, Fitz and Percy
58%
Haywire believes Michaels tattoo is a path to... Hell
58%
Jodi Lynn O'Keefe is... Gretchen Morgan
39%
Sucre is the offical capital city in Bolivia and also means Sugar
33%
Tweeners' grand larceny was for a... Baseball Card
28%
This less than genuine homeland agent dangles the carrot in Season 4 Don Self
24%
This prison break actor is now Walking Dead Sarah Wayne Callies/ Sara Tancredi
24%
This C.O ends up the other side of two sets of bars Brad Bellick
23%
Michael needs this to keep visiting the infirmary PUGNAc
22%
Lance makes a mean ________ pie Blueberry
21%
The two stars of the show where born in this country England
20%
"Don't think I wont remember what your front steps look like,_____" Susan
20%
The number of episodes that make up Prison Break 81
18%
This Governor has a tendancy to leave his kids Home Alone Frank Tancredi/ John Heard
16%
"Will some one get her some donuts!" Special Agent Alexander Mahone
16%
Whistler's girlfriend Sofia Lugo
15%
Paul Kellerman= Owen Kravecki
14%
This 'Craft'y lawyer is killed in Blackfoot Veronica Donovon/ Robin Tunney
13%
This fruit 'cut himself on a bunk' 'Avocado' Balz-Johnson
12%
The name on the grave where Michael's stash is E. Chance Woods
11%
This nemisis of Max Payne was also arrested in two citys by the CSI Fernando Sucre/Amaury Nolasco
11%
Bellick's partner in crime Roy Geary
11%
The co-ordinates of the meeting for the plane to mexico Bolshoi Booze/ 32 00 9 104 57 09
10%
A religous figure sits on a flower to represent... Christina Rose Scofield/Michael's Boat
10%
D.B Cooper's loot is hidden in which town Tooele
10%
Michael marries which Neighbour Holly Valance/ Nika Volek
6%
LJ's Mother Lisa Rix
6%
The rainbow room is here C-Notes Family Home
5%
He uses this to keep track of his tattoo's Greek Alphabet
5%
Michael throws his hard drive into this body of water Chicago River
4%
Who "Named Me" Danny Hale
4%
________Lechero__________ Norman St.John
4%
The road in Gila of the rendezvouz with Sara Butterfield
3%
Which abandonded Penitentiary was used to film Fox River Joliet Prison
3%
Aldo's reporting on baseball William Prall
3%
T-Bag replaces the cash in the rucksack with these National Geographic Magazines
2%
This missing man is buried under Mahones lawn Oscar Shayles
2%
Tin Tin from The Crow also portrays which character Sammy
2%
The jealous jobsworth at Gate Andrew Blauner
1%
The condition Michael 'has' to prevent his transfer Chronic Sinusitus
1%
The company's assassin Wyatt Mathewson Cress Williams
1%
Need for Speed Undercover's Hector Maio is Hector Avila/ Kurt Caceres
1%
This 'Tank Girl' is the Daddy Lori Petty
1%
He fingered Abruzzi Otto Fibbonacci
1%
This Fast and Furious actor is at Worlds End Reggie Lee/ William Kim
1%
David Apolskis Utah alter-ego Scott Kulbrenner
1%
Why the infirmary? "Weakest link in the security chain" and the closest building to the outside wall
1%
Pope's Toledo son Will Clayton
1%
Mike Novik from 24 is which Scylla Card Holder Howard Scuderi
0%
Passenger 57 is Lost in Fox River Kevin Hooks
0%
Maricruz Delgado carries this child Lila Marie Sucre
0%
No matching quizzes found
Score Distribution
Percent of People with Each Score
Percentile by Number Answered
Your Score History
You have not taken this quiz